000 00712nam a2200241 i 4500
001 bgj
100 1 _aEDGINTON, Beth
245 1 0 _aThe Media /
_c[written by Beth Edginton and Martin Montgomery].
260 _aManchester :
_bThe British Council,
_cc. 1996.
300 _a155 pp :
_bphotos ;
_c28 cm.
490 1 _aBritish Studies Course Materials
504 _aBibliography p. 153-155.
505 _aIncludes tables.
650 9 _aMass media
700 1 _aMONTGOMERY, Martin.
_eco-author
830 _aBritish Studies Course Materials
020 _a0863551777 (pbk)
040 _cBPK
041 0 _aeng
920 _a0-86355-177-7 (pbk)
942 _cKS
008 s uk f |000 0 eng
999 _c50135
_d50135
856 _uhttp://koha.tu.koszalin.pl/cgi-bin/koha/opac-detail.pl?biblionumber=50135
_yKatalog online BPK